000 00541nam a2200181Ia 4500
003 GCL
008 140319s9999 xx 000 0 ara d
040 _aGCL /
_cGCL
082 0 4 _aط
_b813.087
_bح ع
100 1 _aحلمى التونى
245 1 0 _aعودة الارنب الشارد /
_cحلمى التونى
700 1 _aحسن العبداللة
490 _aسلسلة المستقبل الاطفال
_v0
650 0 4 _aالقصص القصيرة
650 0 4 _aالاطفال
650 0 4 _aقصص الاطفال
942 _2ddc
_cBK
999 _c51360
_d51360